[Event "Olympiad-36"]
[Site "Mallorca"]
[Date "2004.10.20"]
[Round "6"]
[White "Zelcic, Robert"]
[Black "Goldin, Alexander"]
[Result "0-1"]
[WhiteElo "2531"]
[BlackElo "2620"]
[Annotator "Postny,E"]
[PlyCount "122"]
[EventDate "2004.10.15"]
[EventType "team-swiss"]
[EventRounds "14"]
[EventCountry "ESP"]
[SourceTitle "CBM 104"]
[Source "ChessBase"]
[SourceDate "2005.01.27"]
[SourceVersion "1"]
[SourceVersionDate "2005.01.27"]
[SourceQuality "1"]
[WhiteTeam "Croatia"]
[BlackTeam "US of America"]
[WhiteTeamCountry "CRO"]
[BlackTeamCountry "USA"]

1. e4 e5 2. Nf3 Nc6 3. d4 exd4 4. Nxd4 Bc5 5. Be3 Qf6 6. c3 Nge7 7. Bc4 b6 {
This rare move gained some popularity recently, mainly thanks to Alexei Shirov
who played few games with this setup as black.} ({The main line goes with} 7...
Ne5 8. Be2 Qg6) 8. O-O Bb7 {Black is going for castling to the queenside.} 9.
f4 {Capturing space in the centre and preparing to harass black's queen with
e4-e5.} ({Another principled continuation is} 9. Nb5 O-O-O 10. Bxc5 bxc5 11.
Nd2 {--> 0-1 Kristjansson,S-Shirov,A/Reykjavik 2003/CBM 94 [Postny,E] (33)})
9... O-O-O {[%cal Gd7d5]} 10. e5 (10. b4 {1/2-1/2 Nedev,T-Shirov,A/Mallorca
2004/CBM 104 [Postny,E] (32)}) 10... Qh6 {[%csl Re3][%cal Gc6e5]} 11. Qe2 (11.
Qd2 f6 12. Na3 Nxd4 13. cxd4 Bxa3 14. bxa3 Nf5 15. Rac1 fxe5 16. dxe5 Kb8 17.
Bd3 Qe6 18. Rfe1 Rc8 19. a4 {1/2-1/2 Chandler,M-Speelman,J/Hastings 1991/CBM
27 (19)}) 11... Bxd4 12. cxd4 Nf5 13. Nc3 $2 $146 {This novelty does not work
out properly.} (13. Rd1 $2 d6 14. d5 (14. Qg4 Qg6 $17) 14... Nxe5 15. Ba6 Nxe3
16. Bxb7+ Kxb7 17. Qxe3 Qxh2+ 18. Kxh2 Ng4+ 19. Kg1 Nxe3 $19 {0-1 Brunello,
S-Godena,M/Milan 2003/CBM 95 ext (53)}) (13. Qf2 {might be an improvement for
white.}) 13... Ncxd4 14. Bxd4 Nxd4 15. Qf2 d5 $1 {Very strong move, probably
underestimated by Zelcic. Black seizes the initiative.} 16. exd6 Rxd6 17. Bxf7
Rf8 18. Qe3 Ne6 $1 (18... Nc2 $2 19. Qe7) (18... Bxg2 $6 19. Kxg2 Nc2 20. Qe4 (
20. Qe2 Nxa1 21. Rxa1 Qxf4 $17) 20... Rd2+ 21. Rf2 Rxf2+ 22. Kxf2 Qxh2+ 23. Kf3
Qh3+ 24. Ke2 Qh2+ 25. Kf3 $11) 19. Bxe6+ Rxe6 20. Qd2 Rd6 21. Qe3 Rdf6 {
Black's advantage is overwhelming. His bishop is much stronger than white's
knight. Actually, white can not hold his f4 weakness anymore.} 22. Ne2 Ba6 23.
Rfc1 (23. g3 $2 Qh5 $1 $19 {[%csl Re2][%cal Gf8e8]} (23... Re6 $6 24. Qa3 {
[%csl Ra6,Rf8]} Kb7 25. Nd4 (25. Qxf8 $2 Rxe2 26. h4 Qe6 {[%cal Ge6e3,Ge6h3]}
27. Qa3 Re3 $19))) 23... Bxe2 24. Qxe2 Qxf4 25. Kh1 Kb8 {Black is a healthy
pawn up, but it's still not easy at all to convert black's advantage into a
full point.} 26. h3 R6f7 27. Rc4 Qf2 28. Qe5 (28. Re1 Qxe1+ $1 29. Qxe1 Rf1+
30. Qxf1 Rxf1+ 31. Kh2 Rf2 $19) 28... Qf6 29. Qe2 Qd6 30. Rc2 (30. Rd1 Qxd1+
31. Qxd1 Rf1+ 32. Qxf1 Rxf1+ 33. Kh2 Rf2 $19) 30... Re7 31. Qc4 Rfe8 32. Rf1
Re1 33. Rc1 Rxc1 34. Rxc1 a5 35. b3 h6 {Black is not in a hurry...} 36. Qf7 Re7
37. Qf8+ Ka7 38. Qf2 Qd5 39. Qg3 Kb7 40. a3 Qe5 41. Qf3+ Qe4 42. Qc3 g5 43. b4
axb4 44. axb4 Qd5 45. Qc2 h5 46. Rd1 Qe4 47. Qa4 Qh4 $1 {Finally, black
trapped his opponent for the exchange of rooks.} 48. Qb3 Re1+ 49. Rxe1 Qxe1+
50. Kh2 Qe5+ 51. Kg1 Qd4+ 52. Kh2 Qf4+ $1 {The best place for the queen.} 53.
Kg1 Kc6 {Now, it's time for the king to join the party.} 54. Qa4+ Kd5 55. Qb5+
Kd4 56. Qc6 g4 57. hxg4 hxg4 58. Qc2 g3 59. Qd1+ Kc4 60. Qe2+ Kxb4 61. Qb2+ Kc4
0-1

[Event "FIDE-Wch k.o."]
[Site "Moscow"]
[Date "2001.11.30"]
[Round "2.2"]
[White "Macieja, Bartlomiej"]
[Black "Ivanchuk, Vassily"]
[Result "1-0"]
[WhiteElo "2582"]
[BlackElo "2731"]
[Annotator "Postny,E"]
[PlyCount "133"]
[EventDate "2001.11.27"]
[EventType "k.o."]
[EventRounds "7"]
[EventCountry "RUS"]
[SourceTitle "CBM 086"]
[Source "ChessBase"]
[SourceDate "2002.02.05"]
[SourceVersion "1"]
[SourceVersionDate "2002.02.05"]
[SourceQuality "1"]

1. e4 e5 2. Nf3 Nc6 3. d4 exd4 4. Nxd4 Bc5 5. Nxc6 Qf6 6. Qd2 dxc6 7. Nc3 a6 $6
{This move under the circumstances might be useful for black, but it might be
a waste of time as well (the second possibility is more probable...) Probably
Ivanchuk wanted to surprise his less-experienced opponent... In my database I
found only a few games with this move.The main lines are: 7...Be6, 7...Ne7 and
7...Bd4.} 8. Qf4 $146 (8. Bd3 Ne7 (8... Be6 9. O-O O-O-O 10. Qe2 Ne7 $2 (10...
Nh6) 11. e5 Qh4 12. Ne4 Bg4 13. Qe1 Rd5 14. Nxc5 Rxc5 15. Qb4 Rxe5 16. f3 $18 {
1-0 Narciso Dublan,M-Ferron Garcia,C/Catalunya 1996/EXT 99 (32)}) 9. O-O O-O
10. Kh1 Qg6 (10... Ng6 $5) 11. Qf4 Bb6 12. Na4 Qg4 13. Nxb6 Qxf4 14. Bxf4 cxb6
15. Bc7 b5 16. f4 $16 {1-0 Zelcic,R-Heidenfeld,M/Pula 1997/CBM 57 ext (57)})
8... Be6 9. Qg3 {White has "invested" three whole tempoes to get his Q from d1
to g3. It has to be said, that the g3 square is a very good position for the
white Q, so this was time well spent.} ({Possible as well} 9. Bd3) 9... O-O-O
10. Be3 (10. Bg5 $2 Bxf2+ $1 11. Qxf2 Qxg5) 10... Bxe3 11. Qxe3 {[%cal Ge3a7]}
Qh6 {[%csl Rd2]} 12. f4 {Structuraly speaking it is very useful for white to
exchange QQ. In principal the closer white gets to a pawn endgame, the easier
it's going to be to win. The pawn structure in a pure pawn endgame would be
winning for white.However the dinamics of this concrete position makes such an
exchange much more double-edged.For instanse:} (12. Qxh6 $6 Nxh6 13. Bd3 Ng4 {
[%cal Yg4e5] The position is approximately equal.}) 12... Nf6 13. Bd3 Rhe8 14.
O-O $1 Qxh2+ $6 {Black's position is quite unpleasant, however this tactical
operation leads to an endgame, where black has only some drawing chances.
Nevertheless this tactical blow should have been taken into account before
white's castling.} (14... Kb8 15. Rae1 $14) 15. Kxh2 Ng4+ 16. Kg3 Nxe3 17. Rf3
Nc4 (17... Ng4 18. f5 Ne5 {leads to the identical position in the game.}) 18.
f5 Ne5 (18... Nxb2 19. fxe6 Rxe6 20. Rh1 $16) 19. fxe6 Rxe6 (19... Nxf3 20.
exf7 Rf8 21. gxf3 Rxf7 22. f4 {and in spite of the approximate material
balance white's position should be winning.}) 20. Rf5 $1 ({The automatical} 20.
Re3 $2 {was allowing black to get a good counterplay after} Rg6+ 21. Kf4 (21.
Kh3 Rh6+ 22. Kg3 Rg6+ {the perpetual}) 21... f6 $5 {[%csl Rf4]} ({also possible
} 21... Nxd3+ 22. Rxd3 Rxg2) 22. Rg3 Rxg3 23. Kxg3 Nxd3 24. cxd3 Rxd3+ {
[%csl Rb2,Gd3]}) 20... Nxd3 21. cxd3 Rxd3+ 22. Kh2 {Despite the fact, that
black has formal material equality, it's clear, that white has good winning
chances.As long as there are many pawns remaining on the board the piece is
more valuable.} (22. Rf3 Rg6+ 23. Kf2 Rd2+ 24. Ne2 f6 $14) 22... f6 (22... Rd2
23. Rd1 (23. Rxf7 $6 Rg6 24. Rg1 Rxb2 $13) 23... Rxb2 (23... Rxd1 24. Nxd1 $16)
24. Rxf7 Rd6 25. Rxg7 Rxd1 26. Nxd1 Rxa2 27. Kg3 {[%csl Ge4] White should win
the endgame.}) 23. Kg1 Kd7 (23... Rd2 {gives nothing because of} 24. Rf2) 24.
Re1 Rd2 25. Rf2 Rxf2 (25... Red6 26. Rxd2 Rxd2 27. Re2) 26. Kxf2 Re5 27. Kf3
Ke7 28. Rd1 Rh5 29. Ne2 Ra5 30. Nd4 (30. a3) 30... g6 (30... Rxa2 31. Nf5+ Ke6
32. Nxg7+ Ke5 33. Rd2 {+/-/+-}) 31. a3 Rh5 32. Rd3 $2 {Allows black to
activate his R.} (32. Ne2) 32... Rh1 33. Ne2 (33. Rb3 c5 {and then 34...b6 or
34...b5.}) 33... a5 34. Rb3 b6 35. Rc3 Kd7 36. Rc1 Rxc1 (36... Rh5 37. Rd1+ Ke7
38. Nd4 Rc5 39. g4 {[%csl Rh7][%cal Gd1h1] with an excellent winning chances.})
37. Nxc1 h5 $2 {This was probably the last moment for Ivanchuk to save this
game.} (37... Kd6 $1 38. Nd3 c5 39. e5+ (39. b3 b5) 39... fxe5 40. Ke4 c4 41.
Nxe5 b5 42. Kd4 (42. a4 c3 43. bxc3 bxa4 {[%csl Ga4,Ga5]}) (42. Nf7+ Kc5) 42...
c5+ 43. Ke4 a4) 38. e5 $1 {From now on Macieja produces an excellent technic
to win this endgame.} Ke6 (38... fxe5 39. Ke4 Kd6 40. Nd3) 39. Nd3 g5 (39...
fxe5 40. Ke4) 40. exf6 Kxf6 41. Ke4 {[%cal Gd3e5]} c5 42. a4 Ke6 43. Ne5 Kf6
44. Nc4 $1 Ke6 45. Ne3 {[%cal Ge3d5]} c6 46. Nc4 b5 47. Nxa5 bxa4 48. Nb7 $1 {
Even stronger, than 48.Nc6.} h4 49. Nxc5+ Kd6 50. Nd3 $1 {[%mdl 4096]} (50.
Nxa4 $2 g4 51. Kf4 h3 52. gxh3 gxh3 53. Kg3 Kd5 $11) 50... g4 51. Nf2 g3 (51...
h3 52. Nxh3 $1 (52. g3 $2 h2 {[%csl Gh2]}) 52... gxh3 53. gxh3 $18) 52. Nh3 Kc5
53. Kd3 Kb4 54. Kc2 Kc4 55. Ng5 Kd5 56. Kd3 (56. Nf3 $2 h3 57. gxh3 g2 $1 $11 {
[%csl Gg2]} (57... Ke4 $2 58. Nh4 $18 {[%csl Ra4,Rc6,Gh3][%cal Gc2c3]})) 56...
c5 57. Kc3 {Black is in zugzwang.} Kc6 (57... c4 58. Kb4 Kd4 59. Nf3+ Kd3 60.
Nxh4 Kc2 61. Ka3 c3 62. bxc3 Kxc3 63. Nf5 $18) 58. Kc4 Kd6 59. Nf3 h3 60. gxh3
g2 61. h4 Ke6 62. Kxc5 Kf5 63. Kd4 Kf4 64. Ng1 Kg4 65. Ke3 Kxh4 66. Kf2 {
White's K arrived just in time.} Kg4 67. Ne2 1-0

[Event "FIDE-Wch k.o."]
[Site "Moscow"]
[Date "2001.12.02"]
[Round "3.2"]
[White "Motylev, Alexander"]
[Black "Shirov, Alexei"]
[Result "1/2-1/2"]
[WhiteElo "2641"]
[BlackElo "2706"]
[Annotator "Postny,E"]
[PlyCount "83"]
[EventDate "2001.11.27"]
[EventType "k.o."]
[EventRounds "7"]
[EventCountry "RUS"]
[SourceTitle "CBM 086"]
[Source "ChessBase"]
[SourceDate "2002.02.05"]
[SourceVersion "1"]
[SourceVersionDate "2002.02.05"]
[SourceQuality "1"]

1. e4 e5 2. Nf3 Nc6 3. d4 exd4 4. Nxd4 Nf6 5. Nxc6 bxc6 6. e5 Qe7 7. Qe2 Nd5 8.
c4 Ba6 {The main alternative is 8...Nb6.} 9. b3 g5 {After the famous game
Kasparov-Anand in the match 1995 this move is considered to be the strongest
continuation in the position.} 10. Ba3 {The extensive analysis of the game
Kasparov-Anand showed, that after this move black can get a good position
almost by force. That's why most of the players started to play here 10.g3 
(include Kasparov himself against Nikolic in Linares 1997). The latest
examples are:  Motylev,A-Jakovenko,D /RUS-ch 54th Elista 2001/CBM 83 [Postny]
Hector,J-Timman,J /Sigeman & Co 2001/CBM 84 [Postny]} d6 (10... Qxa3 $6 11.
Nxa3 Bb4+ 12. Qd2 Bxd2+ 13. Kxd2 Nf4 14. h4 g4 15. g3 Ng6 16. Re1 h5 17. c5
Bxf1 18. Rhxf1 $14 {1/2-1/2 Ganguly,S-Vladimirov,E/Hyderabad 2000/CBM 79 no vc
(32)}) 11. exd6 {Now the things are getting forced.} Qxe2+ 12. Bxe2 Bg7 13.
cxd5 Bxe2 14. Kxe2 Bxa1 15. Rc1 O-O-O 16. Rxc6 Rd7 {In comments to the above
mentioned game Kasparov-Anand this move is suggested as a stronger option for
black.In the game itself was:} (16... Rhe8+ 17. Kd3 Rd7 18. Nc3 Bxc3 19. Kxc3
Re5 20. Kc4 Re4+ 21. Kd3 Re5 22. Kc4 Re4+ {and draw was agreed.The annotations
to this game you can find in CBM 49.}) 17. Nd2 Re8+ 18. Kd3 Re5 $146 {[%mdl 8]}
(18... Be5 19. Nc4 Kb7 20. g3 f6 21. Bc5 cxd6 22. Be3 g4 23. Na5+ Ka8 24. Ra6
Ree7 (24... Rb8 25. Nc6 Rbb7 26. b4 f5 27. a4 Bf6 28. Kc4 h5 29. b5 Rdc7 30. b6
Rc8 31. Kb5 h4 32. Nxa7 {1-0 Ganguly,S-Vijayalakshmi,S/Calcutta 2000/CBM 74
ext (32)}) 25. b4 f5 26. b5 Rf7 27. b6 h5 28. b7+ Rxb7 29. Nxb7 Rxb7 30. Bd4
$14 {1/2-1/2 Szieberth,A-Peredy,F/Hungary 1996/EXT 2000 (51)}) 19. Nc4 Rxd5+
20. Ke4 Rd4+ 21. Ke3 f5 22. Bc5 Re4+ (22... Rg4 23. Bxa7 Kb7 24. Rxc7+ ({
doesn't work} 24. Na5+ $2 Kxa7 25. Rxc7+ Rxc7 26. dxc7 Re4+ 27. Kd3 Re8 28. Nc4
Rc8 29. Nd6 Rxc7 30. Nb5+ Kb6 31. Nxc7 Kxc7 $19) 24... Rxc7 25. dxc7 Kxc7 26.
g3 $14) 23. Kd3 Kb7 24. Rxc7+ Rxc7 25. dxc7 Kxc7 26. Bxa7 Re1 $6 (26... Rh4 {
In such positions it is important for the player with the R to create pawn
weaknesses in his opponent structure.} 27. h3 g4 28. hxg4 Rxg4 $132 29. Ne3 Rg6
{[%cal Gf5f4,Gg6a6]}) 27. a4 Rb1 {Consequently continuing the dubious idea.} ({
Probably the immideate} 27... Rh1 {was better.}) 28. Kc2 {As the continuation
of the game shows, the c2 square is better for white's K than d3 square.} Rh1 (
28... Rg1 29. g3 Rh1 30. a5 Rxh2 31. Be3 {Black's R is stuck on the kingside
for a moment and this could be enough for white's pawns to go forward and win
the game.}) 29. Bc5 Kc6 30. b4 Rxh2 31. a5 Rh4 ({There is no time for another
capture, as after} 31... Rxg2 $2 32. a6 {[%csl Ga6][%cal Gc4a5] black can't
prevent a promotion.For example:} Kc7 33. Na5 Kb8 34. b5 $18) 32. Kd3 $2 (32.
Kb3 Rh1 (32... Bd4 33. g3 Rg4 34. f3 Rxg3 35. Bxd4 Rxf3+ 36. Ka4 $18) (32...
Re4 33. a6 {[%cal Ga6a7,Gc4b6]}) 33. a6 Re1 34. Nb6 $1 Re8 35. a7 Kb7 36. a8=Q+
Rxa8 37. Nxa8 Kxa8 38. Kc4 Kb7 39. Kd5 {and white has a won endgame.}) 32...
Rh1 33. a6 Bf6 34. Na5+ (34. Kd2 $5 Bd8 {[%csl Ya5]} (34... Ra1 $2 35. Na5+
Rxa5 36. bxa5) 35. a7 Kb7 (35... Ra1 $2 36. Na5+) 36. Nd6+ Ka8 37. Nxf5 {
with slight advantage.}) 34... Kb5 35. a7 Rd1+ {Now it's clear, why the d3
square is not the best for the white K.Black is winning an important tempo and
managing to hold white's pawns.} 36. Kc2 Rd8 37. Nb7 Ra8 38. Nd6+ Kc6 39. Nxf5
{[%mdl 1024]} Bd8 40. Nd4+ Kb7 41. Ne6 Bb6 42. Nxg5 1/2-1/2

[Event "Reggio Emilia 0001 43th"]
[Site "Reggio Emilia"]
[Date "2001.01.05"]
[Round "7"]
[White "Efimov, Igor"]
[Black "Romanishin, Oleg M"]
[Result "0-1"]
[WhiteElo "2520"]
[BlackElo "2591"]
[Annotator "Postny,E"]
[PlyCount "48"]
[EventDate "2000.12.30"]
[EventType "tourn"]
[EventRounds "9"]
[EventCountry "ITA"]
[EventCategory "8"]
[SourceTitle "CBM 081"]
[Source "ChessBase"]
[SourceDate "2001.03.20"]
[SourceVersion "1"]
[SourceVersionDate "2001.03.20"]
[SourceQuality "1"]

1. e4 e5 2. Nf3 Nc6 3. d4 exd4 4. Nxd4 Bc5 5. Nb3 Bb4+ {This provocative check
could be deserving alternative for usual 5...Bb6.} 6. Bd2 ({Possibly} 6. c3 Be7
7. g3 $5 Nf6 8. Bg2 h5 9. h3 d6 10. c4 Be6 11. Qe2 Nd7 12. Nc3 Nce5 13. Nd2 Nc5
14. O-O g5 $13 {1-0 Kupreichik,V-Romanishin,O/Odessa 1974/EXT 99 (52)}) 6... a5
7. a3 Be7 8. Be3 $6 $146 {According to Mega Database this move is new and not
a strong one.Anyway it doesn't seems, that black has problems with
equalization in this position.} (8. a4 Nf6 9. Nc3 O-O 10. Bb5 d5 11. exd5 Nb4
12. O-O Bg4 13. Be2 Bxe2 14. Qxe2 Nxc2 15. Rad1 Nb4 16. Qb5 Nbxd5 17. Nxd5 {
1/2-1/2 Smirin,I-Khalifman,A/Leningrad 1990/URS-ch (17)}) 8... Bf6 9. Nd4 (9.
Nc3 Bxc3+ 10. bxc3 Nf6 $13) 9... Nxd4 10. Bxd4 d5 11. e5 $6 {Probably Efimov
overrated his position.} (11. exd5 {leads to equal position.} Qxd5 12. Qe2+ Be6
13. Bxf6 Nxf6 14. Nc3 $11) 11... Be7 12. c4 $6 (12. e6 {was the logical
continuation} Nf6 13. exf7+ Kxf7 14. Be2 c5 15. Be5 Re8 $132) 12... c5 $1 13.
cxd5 $6 ({After} 13. Be3 d4 14. Bc1 {black has only small advantage.}) 13...
cxd4 14. Qxd4 Nh6 {Despite the strong pawncenter white's compensation for the
sacrificed piece is insufficient due to bad piece developement.} 15. Nc3 O-O
16. Bc4 Nf5 17. Qd3 Qc7 $1 (17... Qb6 {gives white an opportunity to equalize
after} 18. d6 Bg5 19. d7 Bxd7 20. Qxd7 Qxb2 21. O-O Qxc3 22. Qxf5 Qxc4 23. Qxg5
$11) 18. f4 $6 {[%mdl 16384]} (18. d6 {was better relatively, but white's
position is bad anyway after} Bxd6 $1 19. exd6 Nxd6 {with tempo!} 20. Bd5 Re8+
21. Kf1 Bf5 $17 {[%csl Rf1,Yh1]}) 18... Qc5 {Black pieces went round white's
pawncenter.} 19. Bb5 Ne3 {[%csl Re1] Now black's attack is irresistible.} 20.
Na4 (20. Qd2 Bg4 21. d6 Bh4+ 22. g3 Bf3 $19) 20... Nxg2+ 21. Kf1 Ne3+ 22. Ke2
Bg4+ 23. Kd2 Qxd5 24. Nb6 (24. Kxe3 Qf3+ 25. Kd2 Rfd8 $19) 24... Qg2+ 0-1

[Event "RUS-chT 11th"]
[Site "Sochi"]
[Date "2004.04.24"]
[Round "5.2"]
[White "Rublevsky, Sergei"]
[Black "Geller, Jakov"]
[Result "1-0"]
[WhiteElo "2671"]
[BlackElo "2489"]
[Annotator "Postny,E"]
[PlyCount "83"]
[EventDate "2004.04.20"]
[EventType "team-tourn"]
[EventRounds "9"]
[EventCountry "RUS"]
[SourceTitle "EXT 2020"]
[Source "ChessBase"]
[SourceDate "2019.10.17"]
[SourceVersion "1"]
[SourceVersionDate "2019.10.17"]
[SourceQuality "1"]
[WhiteTeam "Kazan Ladya"]
[BlackTeam "Togliatti Lada"]
[WhiteTeamCountry "RUS"]
[BlackTeamCountry "RUS"]

1. e4 e5 2. Nf3 Nc6 3. d4 exd4 4. Nxd4 Nf6 5. Nxc6 bxc6 6. e5 Qe7 7. Qe2 Nd5 8.
c4 Ba6 (8... Nb6 {is the main alternative.}) 9. b3 {Preparing the fianchetto
of the dark-squared bishop.} g6 (9... g5 {--> 0-1 Kovchan,A-Potapov,A/Noyabrsk
2003/CBM 99 [Postny,E] (40)}) (9... O-O-O {--> 0-1 Macieja,B-Karpov,A/Warsaw
2003/CBM 95 [Postny,E] (34)}) 10. g3 ({Few recent games showed that after} 10.
f4 f6 {black has sufficient counterplay.}) 10... Bg7 11. Bb2 O-O 12. Bg2 Rae8 (
12... f6 13. e6 dxe6 14. Qd2 Nb6 15. Ba3 c5 16. Qa5 Bxc4 17. Bxc5 Qd7 18. Bxf8
Rxf8 19. Nc3 f5 20. Rd1 Bd3 21. Ne2 $14 {1/2-1/2 Movsesian,S-Granda Zuniga,J/
Bled 2002/EXT 2003 (79)}) (12... Rfe8 13. O-O Bxe5 14. Qxe5 Qxe5 15. Bxe5 Rxe5
16. cxd5 Bxf1 17. Kxf1 cxd5 {leads to the same endgame as in the current game.
The only difference is the location of black's rook (a8 instead of f8) which
does not affect the evaluation as approximately equal.}) 13. O-O Bxe5 (13...
Nb6 14. Re1 f6 {--> 0-1 Ponomariov,R-Bacrot,E/Lausanne 1999/CBM 71 [Bacrot] 
(48)}) 14. Qxe5 Qxe5 15. Bxe5 Rxe5 16. cxd5 Bxf1 17. Kxf1 cxd5 {This endgame
appeared many times in practice. Objectively speaking, the chances here are
about equal, but in this position Rublevsky has definitely more experience,
compared to his young opponent.} 18. Nc3 (18. Nd2 Rfe8 19. Bf3 a5 20. Rc1 c6
21. Nb1 Kf8 22. Nc3 Ke7 23. Na4 Kd6 24. Nc5 Rb8 25. Be2 Re7 26. Rc2 {1/2-1/2
Movsesian,S-Bacrot,E/Chalkidiki 2002/CBM 92 (26)}) 18... c6 19. Rd1 {Intending
to activate the rook via d4.} (19. Na4 Rfe8 (19... Rb8 20. Rc1 Kf8 21. Nc5 Re7
22. Nd3 a5 23. Rc5 Ra8 24. h4 h6 25. Nf4 Kg7 26. Bh3 Ra7 27. h5 Re5 28. Bg4 a4
$132 {1-0 Rublevsky,S-Nikolic,P/Polanica Zdroj 1996/CBM 55 (50)}) 20. Bf3 Kf8
21. Nc5 Ke7 22. Nd3 Re6 23. Nc5 Re5 24. Nd3 Re6 25. Nc5 {1/2-1/2 Rublevsky,
S-Bologan,V/Tomsk 2001/CBM 82 ext (25)}) (19. Bf3 Rb8 20. Rc1 Kf8 {1/2-1/2
Totsky,L-Yandemirov,V/Maikop 1998/CBM 66 [Mikhalevski,V] (49)}) 19... Rfe8 20.
Bf3 $1 {White is preparing Ne2 closing the "e" file.} Kf8 21. Ne2 Ke7 $6 ({
More active is} 21... Rb8 22. Rd4 a5 23. Ra4 Rb5 {For example:} 24. Nf4 Re8 25.
Be2 Rc5 26. Nd3 Rc2 27. Bf3 Rc3 28. Be2 Rc2 $11) 22. Rd4 Rb8 $146 (22... Kd6
23. Ra4 Ra8 24. b4 Ree8 (24... a5 $5) 25. Ra5 f5 26. a3 Kc7 27. Ra6 Kb7 28. b5
Rac8 29. a4 Rc7 30. Nd4 $16 {1-0 Zelcic,R-Bozanic,I/Pula 2000/EXT 2001 (46)})
23. Ra4 Rb7 24. b4 Kd6 25. a3 Re8 $6 {Black does not feel the danger.} ({
It was necessary to liberate Rb7 as soon as possible:} 25... Kc7 26. Nd4 Kb8 {
[%cal Yb7c7,Yc7c8,Yc8e8]}) 26. Nd4 h5 27. Nb3 {Transfering the knight to c5.
Black has no counterplay at all and can only wait and see, what white will
come up with.} Re7 28. Nc5 Rc7 29. h4 {White achieved all that he wanted from
the position.} Re5 30. Ra6 Re8 31. Be2 $1 {[%mdl 4096] Again closing the "e"
file in order to move the king towards the centre.} Ke5 32. Ke1 d6 33. Nd3+ Ke6
(33... Kd4 34. Kd2 $40 {[%csl Rd4][%cal Ga6a4,Ga4d4]}) 34. a4 Rb8 35. b5 $1 Rb6
(35... c5 36. Bf3 d4 37. Bc6 {[%cal Gd3f4,Gf4d5] and white is dominating.}) 36.
Ra5 {Correctly avoiding the exchange of rooks.} cxb5 37. axb5 Rbb7 38. Bf3 Rc3
39. Kd2 Rb3 {[%tqu "En","How to conclude the game?","","","f3d5","Finishing
the game in style.",10]} 40. Bxd5+ $1 {Finishing the game in style.} Kxd5 41.
b6+ Kc4 42. Ra4+ $1 {This intermediate check must have been seen before
white's playing 40.Bxd5. White's passed pawn will cost black a full rook and
white will remain with a piece up.} 1-0